000 00556nam a2200157 i 4500
001 101328
003 ES-MaACL
005 20230906182855.0
007 t|
008 051017s1943 sp ||||1| spa d
100 1 _aMayán Fernández, Francisco.
_979329
245 1 3 _aEl signo de la hispanidad
_b: (Análisis de las fuerzas ideales y de los fundamentos de la actuación de España en el mundo) /
_cFrancisco Mayán Fernández.
260 _aMadrid :
_bLib. Enrique Prieto,
_c1943.
300 _a267 p. ;
_c20 cm.
852 _aES-MaACL
_jF-16331
_bR.21060
999 _c101328
_d101328